000 01427nam a2200265Ia 4500
003 OSt
005 20220930094806.0
006 a|||||r|||| 00| 0
007 ta
008 220926b |||||||| |||| 00| 0 hin d
024 _a19507
037 _cTheses
040 _aCRL
_cCRL
_bhin
041 _2hin
_ahin
100 _aकौल, दिलीप कुमार
110 _aदिल्ली विश्वविद्यालय. कला संकाय. हिन्दी विभाग
245 0 _aइक्कीावीं शताब्दी के हिन्दी उपन्यासों में स्थान, पारिस्थितिकि और सामाजिक संबंधों की अंतःक्रिया
_b हरित-समीखक अध्ययन
246 _aIkkīāvīan shatābdī ke hindī upanyāsoan mean sthāna, pāristhitiki aur sāmājik sanbandhoan kī aantahkriyā: harita-samīkhak adhyayana
260 _c2014
650 _aहिन्दी साहित्य
700 _a प्रो. सुधीश पचौरी, गा.
700 _aदिल्ली विश्वविद्यालय. कला संकाय. हिन्दी विभाग
942 _cDIS
_2CC
999 _c887690
_d887690